000 00386nam a2200169Ia 4500
008 230524s9999 xx 000 0 und d
020 _a0074624008
082 _a621.317
_bSEN
100 _aP.C.Sen
245 0 _aPower Electronics
250 _a1ST
260 _aNEW DELHI
_bTMH
_c2005
300 _aXV;1027
500 _aQuantity Number: 22
650 _aElectrical
942 _cBK
999 _c30414
_d30414